Visuals in agricultural extension programs

সংরক্ষণ করুন:
গ্রন্থ-পঞ্জীর বিবরন
প্রধান লেখক: Robert J Ames
বিন্যাস: গ্রন্থ
ভাষা:Undetermined
প্রকাশিত: Washington International Cooperation Administration 1967
বিষয়গুলি:
ট্যাগগুলো: ট্যাগ যুক্ত করুন
কোনো ট্যাগ নেই, প্রথমজন হিসাবে ট্যাগ করুন!
Thư viện lưu trữ: Trung tâm Học liệu Trường Đại học Cần Thơ
LEADER 00574nam a2200181Ia 4500
001 CTU_30107
008 210402s9999 xx 000 0 und d
082 |a 630.715 
082 |b V833 
100 |a Robert J Ames 
245 0 |a Visuals in agricultural extension programs 
245 0 |c Robert J Ames, Ellis Clough, George Axinn, Landis S Bennett 
260 |a Washington 
260 |b International Cooperation Administration 
260 |c 1967 
650 |a agricultural extension work 
904 |i Liên, 990302 
980 |a Trung tâm Học liệu Trường Đại học Cần Thơ